000 00916nam a2200181Ia 4500
008 151202s9999||||xx |||||||||||||| ||und||
082 _bPNVM-121101
100 _aकोपर्डेकर शरदचंद्र.
245 _aश्रीदत्तमहाराज कवीश्वर चरित्र आणि विचारधन.
260 _b"इंद्रायणी साहित्य प्रकाशन, पुणे."
260 _c1998
300 _a268
600 _aकोपर्डेकर शरदचंद्र.
630 _aश्रीदत्तमहाराज कवीश्वर चरित्र आणि विचारधन.
700 _aकोपर्डेकर शरदचंद्र.
730 _aश्रीदत्तमहाराज कवीश्वर चरित्र आणि विचारधन.
942 _cBOOK
999 _c1351230
_d1351227